[Event "Sparkassen-Open B"]
[Site "Heusenstamm, Martinsee"]
[Date "2022.11.19"]
[Round "4.53"]
[White "Shanawaz Thabrez, Shahzaib"]
[Black "Özyar, Arin"]
[Result "0-1"]
[WhiteElo "1159"]
[BlackElo "1353"]
[PlyCount "138"]
[EventDate "2022.??.??"]
[WhiteTeam "SK Langen"]
[BlackTeam "SC Bad Soden"]

1. e4 c5 2. Nf3 Nc6 3. d4 cxd4 4. Nxd4 Nf6 5. Nc3 g6 6. f4 e5 7. Nxc6 dxc6 8.
Qxd8+ Kxd8 9. fxe5 Ng4 10. Bg5+ Ke8 11. O-O-O Be6 12. h3 Nf2 13. Bd3 Nxh1 14.
Rxh1 Bb4 15. a3 Ba5 16. b4 Bb6 17. Rd1 Kf8 18. Ne2 h6 19. Bf6 Rg8 20. Nf4 Be3+
21. Kb1 Bxf4 22. b5 Rb8 23. Be2 Re8 24. bxc6 bxc6 25. Kb2 Bc8 26. Rd6 Bxe5+ 27.
Bxe5 Rxe5 28. Rxc6 Kg7 29. Bf3 Be6 30. Rc7 Rb5+ 31. Kc1 Rd8 32. Rxa7 Ba2 33. c3
Rc5 34. Kb2 Rd2+ 35. Kc1 Rf2 36. Rd7 Bb3 37. Rd3 Rf1+ 38. Kd2 Ra5 39. Ke3 Rxa3
40. Kf4 Bc2 41. Re3 Bd1 42. Kg3 Bxf3 43. gxf3 g5 44. h4 gxh4+ 45. Kxh4 Ra2 46.
Kg4 h5+ 47. Kf5 Ra5+ 48. e5 f6 49. f4 fxe5 50. Rg3+ Kh7 51. Rh3 Rxf4+ 52. Ke6
Kg6 53. Rg3+ Rg4 54. Rf3 Kh6 55. Rf8 Rg6+ 56. Kf5 Kg7 57. Rc8 Rf6+ 58. Ke4 h4
59. Rd8 Rf4+ 60. Ke3 Ra3 61. Rd7+ Kg6 62. Rd1 Rxc3+ 63. Ke2 Rg4 64. Rd6+ Kf5
65. Rd1 Rg2+ 66. Kf1 h3 67. Rb1 Rcc2 68. Rd1 h2 69. Rd2 h1=Q# 0-1

[Event "Sparkassen-Open B"]
[Site "Heusenstamm, Martinsee"]
[Date "2022.11.19"]
[Round "4.55"]
[White "Nichols, Uwe"]
[Black "Niesel, Markus"]
[Result "1-0"]
[WhiteElo "1673"]
[BlackElo "1245"]
[PlyCount "43"]
[EventDate "2022.??.??"]
[WhiteTeam "SV Oberursel"]
[BlackTeam "SV 1934 Ffm-Griesheim"]

1. e4 e5 2. Nf3 Nc6 3. Bc4 h6 4. O-O Nf6 5. d3 Bc5 6. Be3 Bb6 7. Nc3 O-O 8. h3
d6 9. a3 Qd7 10. Qd2 Bxe3 11. Qxe3 Ne7 12. d4 exd4 13. Qxd4 Nc6 14. Qd3 a6 15.
Rad1 Ne8 16. e5 Kh8 17. Rfe1 f6 18. e6 Qe7 19. Nd5 Qd8 20. e7 Nxe7 21. Nxe7 Rf7
22. Bxf7 1-0

[Event "Sparkassen-Open B"]
[Site "Heusenstamm, Martinsee"]
[Date "2022.11.19"]
[Round "4.56"]
[White "Heidtkamp, Anna"]
[Black "Leichum, Engelbert"]
[Result "0-1"]
[WhiteElo "1157"]
[BlackElo "1559"]
[PlyCount "112"]
[EventDate "2022.??.??"]
[WhiteTeam "Düsseldorfer SV 1854"]
[BlackTeam "vereinslos"]

1. e4 e5 2. Nf3 Nf6 3. Nc3 Bc5 4. Bc4 d6 5. d3 h6 6. h3 c6 7. O-O b5 8. Bb3 a5
9. a3 a4 10. Ba2 O-O 11. Be3 Bxe3 12. fxe3 Nbd7 13. Nh4 Nxe4 14. Nxe4 Qxh4 15.
Nxd6 Nf6 16. Nxc8 Raxc8 17. e4 Kh8 18. Qe1 Qg5 19. Qf2 Nh5 20. h4 Qg4 21. Qf5
Qxh4 22. Qh3 Qg5 23. Rf5 Qg6 24. Qxh5 Qg3 25. Qf3 Qh4 26. Rxe5 Qd8 27. Rf5 Qd4+
28. Kh1 Qxb2 29. Qd1 f6 30. Be6 Rcd8 31. Rf3 Rfe8 32. Bf7 Rxe4 33. dxe4 Rxd1+
34. Rxd1 Qxc2 35. Rfd3 Kh7 36. Be6 h5 37. Bf5+ Kh6 38. R1d2 Qc1+ 39. Kh2 c5 40.
Rd6 Qxa3 41. R2d3 Qc1 42. Rg3 Qf4 43. Rd8 g5 44. Rd7 g4 45. Rh7+ Kg5 46. Rg7+
Kh4 47. Rg6 Qxg3+ 48. Kg1 Qe3+ 49. Kh2 g3+ 50. Rxg3 Qxg3+ 51. Kg1 a3 52. Be6
Qe3+ 53. Kh1 Qxe4 54. Bc4 Kg3 55. Kg1 Qe1+ 56. Bf1 Qf2+ 0-1

[Event "Sparkassen-Open B"]
[Site "Heusenstamm, Martinsee"]
[Date "2022.11.19"]
[Round "4.57"]
[White "Bär, Christian"]
[Black "Barth, Horst"]
[Result "1/2-1/2"]
[WhiteElo "1525"]
[BlackElo "1244"]
[PlyCount "61"]
[EventDate "2022.??.??"]
[WhiteTeam "SC Steinbach"]
[BlackTeam "Sfr.Mainz 1928"]

1. e4 c5 2. Nc3 a6 3. g3 d6 4. Bg2 Nf6 5. Nge2 Nc6 6. O-O Bg4 7. h3 Bh5 8. g4
Bg6 9. f4 h6 10. d3 e6 11. Ng3 Be7 12. Be3 O-O 13. a4 Nd7 14. f5 Bh7 15. Qd2
Bg5 16. Bxg5 Qxg5 17. Qxg5 hxg5 18. Nce2 e5 19. c3 f6 20. Rfd1 Kh8 21. Nf1 Bg8
22. Ne3 Bf7 23. Nd5 Rac8 24. Kf2 g6 25. Ng3 Kg7 26. fxg6 Bxg6 27. Nf5+ Bxf5 28.
exf5 Kf7 29. Ne3 Kg7 30. Bd5 Rc7 31. Nc4 1/2-1/2

[Event "Sparkassen-Open B"]
[Site "Heusenstamm, Martinsee"]
[Date "2022.11.19"]
[Round "4.58"]
[White "Hott, Arthur"]
[Black "Ott, Christian"]
[Result "1-0"]
[WhiteElo "1497"]
[BlackElo "1223"]
[PlyCount "47"]
[EventDate "2022.??.??"]
[WhiteTeam "SC Bad Soden"]
[BlackTeam "vereinslos"]

1. d4 g6 2. Nc3 Bg7 3. e4 d6 4. Nf3 Nc6 5. h3 a6 6. Be3 e5 7. d5 Nce7 8. Bc4 b5
9. Bb3 Nf6 10. a3 O-O 11. O-O Nh5 12. Re1 f5 13. exf5 Nxf5 14. Bg5 Qd7 15. Kh2
Nd4 16. Nxd4 Rxf2 17. Ne6 Bb7 18. Ne4 Rf5 19. g4 Rxg5 20. N4xg5 Nf4 21. Nxf4
exf4 22. c3 Kh8 23. Qe2 c5 24. Qe7 1-0

[Event "Sparkassen-Open B"]
[Site "Heusenstamm, Martinsee"]
[Date "2022.11.19"]
[Round "4.59"]
[White "Moissl, Julian"]
[Black "Gnandt, Michael"]
[Result "0-1"]
[WhiteElo "1140"]
[BlackElo "1495"]
[PlyCount "56"]
[EventDate "2022.??.??"]
[WhiteTeam "SJ Herborn 1998"]
[BlackTeam "SV Steinhausen"]

1. d4 d5 2. c4 c6 3. Nc3 Nf6 4. Bg5 Nbd7 5. Nf3 h6 6. Bf4 Nh5 7. Bg3 Nxg3 8.
fxg3 Nb6 9. b3 dxc4 10. bxc4 Nxc4 11. Qb3 Nd6 12. e3 Nf5 13. e4 Nxd4 14. Nxd4
Qxd4 15. Rd1 Qe3+ 16. Be2 e6 17. Rd3 Qb6 18. Qd1 Be7 19. Rf1 O-O 20. Rdf3 f6
21. Qd3 Rd8 22. Qc2 Qc5 23. Qb3 b5 24. R3f2 Qd6 25. Bg4 Kh8 26. Ke2 Qd2+ 27.
Kf3 Qd3+ 28. Kf4 e5# 0-1

[Event "Sparkassen-Open B"]
[Site "Heusenstamm, Martinsee"]
[Date "2022.11.19"]
[Round "4.60"]
[White "Meuer, Stephan"]
[Black "Vorsilka, Jiri"]
[Result "1/2-1/2"]
[WhiteElo "1188"]
[BlackElo "1492"]
[PlyCount "70"]
[EventDate "2022.??.??"]
[WhiteTeam "SV Lahnstein"]
[BlackTeam "vereinslos"]

1. e4 c5 2. c3 d5 3. e5 Nc6 4. d4 e6 5. Nf3 Qb6 6. Be2 Nh6 7. Qc2 cxd4 8. h3
dxc3 9. Nxc3 Nf5 10. O-O Nfd4 11. Nxd4 Nxd4 12. Qd1 Nxe2+ 13. Nxe2 Bc5 14. Nc3
Bd7 15. Na4 Bxa4 16. Qxa4+ Qc6 17. Qg4 Bf8 18. Be3 Qc4 19. Qg3 d4 20. Rfc1 Qb4
21. Bf4 Rd8 22. b3 d3 23. Rc4 Qa3 24. Bg5 Be7 25. Bxe7 Qxe7 26. Qxg7 Qf8 27.
Qxf8+ Rxf8 28. Rd1 Rd5 29. f4 f6 30. exf6 Rxf6 31. g3 e5 32. fxe5 Rxe5 33. Rxd3
Re1+ 34. Kg2 Re2+ 35. Kg1 Re1+ 1/2-1/2

[Event "Sparkassen-Open B"]
[Site "Heusenstamm, Martinsee"]
[Date "2022.11.19"]
[Round "4.61"]
[White "Niedenthal, Robert"]
[Black "Klein, Simon"]
[Result "1-0"]
[WhiteElo "1644"]
[BlackElo "1378"]
[PlyCount "91"]
[EventDate "2022.??.??"]
[WhiteTeam "SV 1920 Hofheim"]
[BlackTeam "SK Hungen"]

1. Nf3 Nf6 2. b3 Nc6 3. Bb2 d5 4. g3 Bg4 5. Bg2 Bxf3 6. Bxf3 e5 7. O-O Bd6 8.
d3 O-O 9. Nc3 d4 10. Ne4 Nxe4 11. Bxe4 f5 12. Bg2 Qe7 13. e3 Ba3 14. Qc1 Bxb2
15. Qxb2 Rad8 16. Rae1 Qf6 17. a3 b6 18. b4 Ne7 19. exd4 Rxd4 20. Qb3+ Kh8 21.
Re2 Ng6 22. Rfe1 c5 23. bxc5 bxc5 24. Qb5 Qd6 25. h4 Rb8 26. Qc6 Qxc6 27. Bxc6
Rb2 28. Bg2 h5 29. Bf3 Rg4 30. Bxg4 fxg4 31. c4 Rb3 32. Re3 Rxa3 33. Rb1 a6 34.
Rb8+ Kh7 35. Rc8 Ra5 36. Kg2 Ne7 37. Rc7 Ng6 38. Re2 Ra3 39. Rd2 Ra5 40. f4
exf4 41. gxf4 Nxf4+ 42. Kg3 Ne6 43. Ra7 Ra3 44. Rd7 Kg6 45. Rd6 Kf5 46. Rf2+
1-0

[Event "Sparkassen-Open B"]
[Site "Heusenstamm, Martinsee"]
[Date "2022.11.19"]
[Round "4.62"]
[White "Hafner, Hans-Peter"]
[Black "Tobias, Christian"]
[Result "0-1"]
[WhiteElo "1131"]
[BlackElo "1434"]
[PlyCount "106"]
[EventDate "2022.??.??"]
[WhiteTeam "Sfr.Mainz 1928"]
[BlackTeam "SV Oberursel"]

1. e4 e5 2. Nf3 Nc6 3. Bc4 Bc5 4. O-O Nf6 5. d3 h6 6. Re1 O-O 7. c3 d6 8. Be3
Bb6 9. a4 Bg4 10. b4 a5 11. Bxb6 cxb6 12. b5 Ne7 13. d4 Ng6 14. Nbd2 Rc8 15. h3
Be6 16. Bxe6 fxe6 17. Qb3 Qd7 18. Re3 exd4 19. Nxd4 d5 20. exd5 exd5 21. N2f3
Kh8 22. Rae1 Ne4 23. Qd1 Nxc3 24. Qd3 Ne4 25. Nd2 Nf4 26. Qa3 Nxd2 27. Re7 Qd8
28. Rxb7 Qf6 29. Qe3 Nc4 30. Qe7 Qxe7 31. Rexe7 Rg8 32. Kh2 Ng6 33. Red7 Rcd8
34. Rdc7 Nge5 35. Ne6 Rd7 36. Rxd7 Nxd7 37. Rxd7 Nb2 38. Rd8 Rxd8 39. Nxd8 Nxa4
40. g4 d4 41. Nf7+ Kg8 42. Ne5 Nc3 43. f4 a4 44. Nc4 Nxb5 45. Kg2 a3 46. Nxa3
Nxa3 47. Kf2 Kf7 48. Ke2 Ke6 49. Kd3 Kd5 50. f5 Nc4 51. h4 Ne5+ 52. Kd2 Nxg4
53. Kc2 Ne3+ 0-1

[Event "Sparkassen-Open B"]
[Site "Heusenstamm, Martinsee"]
[Date "2022.11.19"]
[Round "4.63"]
[White "Vick, Edward"]
[Black "Trenz, Kerstin"]
[Result "1-0"]
[WhiteElo "1222"]
[BlackElo "902"]
[PlyCount "65"]
[EventDate "2022.??.??"]
[WhiteTeam "TuS Makkabi Wiesbaden"]
[BlackTeam "SK Gau-Algesheim"]

1. e4 e5 2. Nf3 Nc6 3. d4 d6 4. dxe5 Be6 5. exd6 cxd6 6. Nc3 Be7 7. Bd3 Nf6 8.
Be3 a6 9. h3 O-O 10. O-O h6 11. Qe2 d5 12. exd5 Nxd5 13. Rfd1 Nxc3 14. bxc3 Qc7
15. Qd2 Rfd8 16. Bxh6 Bf6 17. Be3 Rd7 18. Nd4 Kf8 19. Nxe6+ fxe6 20. Bf4 e5 21.
Bg3 Re8 22. Qe3 Qd8 23. Be2 Ree7 24. Qc5 Qc7 25. Rxd7 Qxd7 26. Rd1 Qc7 27. Bg4
b6 28. Qd5 Nb8 29. Bh5 Nd7 30. Bg6 Nb8 31. Qd8+ Qxd8 32. Rxd8+ Re8 33. Rxe8#
1-0

[Event "Sparkassen-Open B"]
[Site "Heusenstamm, Martinsee"]
[Date "2022.11.19"]
[Round "4.65"]
[White "Wiencken, Marcus"]
[Black "Grebe, Sabrina"]
[Result "0-1"]
[WhiteElo "1233"]
[BlackElo "1182"]
[PlyCount "26"]
[EventDate "2022.??.??"]
[WhiteTeam "Schachforum Darmstadt 1994"]
[BlackTeam "SC Heusenstamm"]

1. e4 e5 2. Nf3 Nc6 3. Bc4 Bc5 4. O-O Nf6 5. d3 h6 6. Nc3 d6 7. Nh4 Bg4 8. Nf3
Nd4 9. Be3 Nxf3+ 10. gxf3 Bh3 11. Re1 Bxe3 12. Rxe3 Nd5 13. Bxd5 Qg5+ 0-1

[Event "Sparkassen-Open B"]
[Site "Heusenstamm, Martinsee"]
[Date "2022.11.19"]
[Round "4.66"]
[White "Keller, Erik"]
[Black "Junkers, Günter"]
[Result "1-0"]
[WhiteElo "1362"]
[BlackElo "1207"]
[PlyCount "92"]
[EventDate "2022.??.??"]
[WhiteTeam "SC Heusenstamm"]
[BlackTeam "SSG Rödermark/Epph."]

1. e4 e5 2. Nf3 Nc6 3. Bc4 Nh6 4. d4 exd4 5. Nxd4 Nxd4 6. Qxd4 Qf6 7. Qxf6 gxf6
8. Nc3 d6 9. Nd5 Rb8 10. Nxc7+ Kd7 11. Nd5 Ng4 12. Bf4 Kc6 13. f3 Nh6 14. Bxh6
Bxh6 15. Ne7+ Kd7 16. Nf5 Bf8 17. Bxf7 Kc6 18. O-O-O Bxf5 19. exf5 Bh6+ 20. Kb1
Rbd8 21. h4 Rd7 22. Be6 Rg7 23. g4 Rd8 24. Rdf1 Bf4 25. Rd1 Kc5 26. Rd5+ Kc6
27. Rd4 Be5 28. Rc4+ Kb6 29. f4 d5 30. Bxd5 Bc7 31. Bf3 Rd2 32. g5 fxg5 33.
fxg5 Rf2 34. f6 Rf7 35. Bh5 Rf8 36. Re4 Rh2 37. Rxh2 Bxh2 38. Re8 Rxf6 39. gxf6
Bd6 40. f7 Kc7 41. f8=Q Bxf8 42. Rxf8 Kd7 43. Rf7+ Kc6 44. Rxh7 Kb6 45. Re7 a6
46. Bd1 Ka7 1-0